[Event "Hampshire Open"]
[Site "Eastleigh"]
[Date "2007.11.02"]
[Round "1"]
[White "Gonem, Sherif"]
[Black "Tunks, Dominic R"]
[Result "0-1"]
[WhiteElo "1680"]
[BlackElo "1896"]
[PlyCount "52"]
[EventDate "2007.11.02"]
[EventType "swiss"]
[EventRounds "6"]
[EventCountry "ENG"]
[SourceTitle "BritBase"]
[Source "John Saunders"]
[SourceDate "2025.01.31"]
[SourceVersion "1"]
[SourceVersionDate "2025.01.31"]
[SourceQuality "1"]

1. e4 c5 2. Nf3 d6 3. d4 cxd4 4. Nxd4 Nf6 5. Nc3 a6 6. Bc4 Nc6 7. Bb3 Na5 8. f3 e6 9. Bg5 h6 10. Bh4 Be7 11. Qd2 Qc7 12. Bg3 O-O 13. O-O-O b5 14. Kb1 b4 15. Nce2 e5 16. Nf5 Bxf5 17. exf5 Nxb3 18. axb3 a5 19. f4 Rfc8 20. fxe5 dxe5 21. Qc1 Ne4 22. Rhe1 Bg5 23. Bxe5 Qxe5 24. Nf4 Bxf4 25. Rd5 Qxd5 26. Qxf4 Nd2+ 0-1

[Event "Hampshire Open"]
[Site "Eastleigh"]
[Date "2007.11.02"]
[Round "1"]
[White "Allen, Leslie C"]
[Black "Anderson, Thomas R"]
[Result "1/2-1/2"]
[WhiteElo "1632"]
[BlackElo "1872"]
[PlyCount "64"]
[EventDate "2007.11.02"]
[EventType "swiss"]
[EventRounds "6"]
[EventCountry "ENG"]
[SourceTitle "BritBase"]
[Source "John Saunders"]
[SourceDate "2025.01.31"]
[SourceVersion "1"]
[SourceVersionDate "2025.01.31"]
[SourceQuality "1"]

1. d4 e6 2. Nc3 c5 3. Nf3 d5 4. Bf4 Nf6 5. e3 Nc6 6. Nb5 e5 7. Nxe5 Nxe5 8. Bxe5 Be6 9. Nc7+ Kd7 10. Bb5+ Ke7 11. Nxa8 Qa5+ 12. c3 Qxb5 13. Qb3 Qc6 14. Nc7 Ne8 15. Nxe6 fxe6 16. O-O c4 17. Qc2 Nf6 18. Bxf6+ Kxf6 19. Rae1 h5 20. e4 g6 21. exd5 exd5 22. Re3 Bh6 23. Rf3+ Kg7 24. Re1 Re8 25. Re5 Rxe5 26. dxe5 Qe6 27. Qe2 Bg5 28. h3 b5 29. b3 Kg8 30. b4 Kg7 31. Kf1 Kg8 32. Ke1 Kg7 1/2-1/2

[Event "Hampshire Open"]
[Site "Eastleigh"]
[Date "2007.11.02"]
[Round "1"]
[White "Coburn, Joseph A"]
[Black "Lock, Gavin R"]
[Result "1/2-1/2"]
[WhiteElo "1712"]
[BlackElo "2215"]
[PlyCount "135"]
[EventDate "2007.11.02"]
[EventType "swiss"]
[EventRounds "6"]
[EventCountry "ENG"]
[SourceTitle "BritBase"]
[Source "John Saunders"]
[SourceDate "2025.01.31"]
[SourceVersion "1"]
[SourceVersionDate "2025.01.31"]
[SourceQuality "1"]

1. d4 d5 2. Nf3 Nf6 3. g3 Bg4 4. Bg2 e6 5. c3 Be7 6. Qb3 Qc8 7. Ne5 Bf5 8. Nd2 O-O 9. O-O c5 10. dxc5 Bxc5 11. Nd3 Bb6 12. Ne5 Nc6 13. Nxc6 bxc6 14. Nf3 Qa6 15. Qd1 c5 16. Nh4 Be4 17. f3 c4+ 18. Kh1 Bg6 19. Nxg6 hxg6 20. Bf4 Nd7 21. Bd6 Rfd8 22. Be7 Re8 23. Bd6 Rad8 24. Qc2 Be3 25. Bc7 Rc8 26. Bf4 Bxf4 27. gxf4 Qb6 28. e4 Nc5 29. Qf2 Nd3 30. Qxb6 axb6 31. exd5 Nxf4 32. dxe6 Rxe6 33. Rfe1 Rce8 34. Rxe6 Rxe6 35. Bf1 b5 36. b3 cxb3 37. axb3 Ne2 38. Bxe2 Rxe2 39. c4 bxc4 40. bxc4 Rc2 41. Ra4 g5 42. Kg1 Kf8 43. Ra8+ Ke7 44. Ra7+ Ke6 45. Rc7 g6 46. c5 f5 47. Rc6+ Ke5 48. Rxg6 Kf4 49. c6 Kxf3 50. h3 g4 51. hxg4 fxg4 52. Rf6+ Kg3 53. Kf1 Rc1+ 54. Ke2 Kh2 55. Rh6+ Kg2 56. Ke3 g3 57. Ke2 Rc2+ 58. Ke3 Kg1 59. Kd4 Rc1 60. Kd5 g2 61. Rg6 Kf2 62. Rxg2+ Kxg2 63. Kd6 Kf3 64. c7 Ke4 65. Kd7 Rd1+ 66. Ke8 Rc1 67. Kd8 Rd1+ 68. Ke8 1/2-1/2

[Event "Hampshire Open"]
[Site "Eastleigh"]
[Date "2007.11.02"]
[Round "1"]
[White "Cordner, David A"]
[Black "Hurn, Paul AT"]
[Result "1-0"]
[WhiteElo "2040"]
[BlackElo "1704"]
[PlyCount "51"]
[EventDate "2007.11.02"]
[EventType "swiss"]
[EventRounds "6"]
[EventCountry "ENG"]
[SourceTitle "BritBase"]
[Source "John Saunders"]
[SourceDate "2025.01.31"]
[SourceVersion "1"]
[SourceVersionDate "2025.01.31"]
[SourceQuality "1"]

1. d4 d5 2. c4 e6 3. Nc3 Nf6 4. Bg5 Nbd7 5. e3 Be7 6. Nf3 O-O 7. Rc1 c6 8. Bd3 dxc4 9. Bxc4 Nd5 10. Bxe7 Qxe7 11. O-O Nxc3 12. Rxc3 e5 13. dxe5 Nxe5 14. Nxe5 Qxe5 15. f4 Qe7 16. f5 b5 17. Bb3 b4 18. f6 gxf6 19. Rxc6 Qxe3+ 20. Kh1 Bb7 21. Rcxf6 Qg5 22. Qe2 Rad8 23. R6f5 Qh6 24. Rxf7 Rxf7 25. Rxf7 Bd5 26. Bxd5 1-0

[Event "Hampshire Open"]
[Site "Eastleigh"]
[Date "2007.11.02"]
[Round "1"]
[White "Deacon, David J"]
[Black "Kawuma, Steven Male"]
[Result "1/2-1/2"]
[WhiteElo "1552"]
[BlackElo "2163"]
[PlyCount "51"]
[EventDate "2007.11.02"]
[EventType "swiss"]
[EventRounds "6"]
[EventCountry "ENG"]
[SourceTitle "BritBase"]
[Source "John Saunders"]
[SourceDate "2025.01.31"]
[SourceVersion "1"]
[SourceVersionDate "2025.01.31"]
[SourceQuality "1"]

1. c4 e5 2. g3 g6 3. Bg2 Bg7 4. Nc3 Nc6 5. e4 d6 6. Nge2 Bg4 7. h3 Be6 8. d3 Qd7 9. Qa4 Nge7 10. Nd5 O-O 11. Nxe7+ Qxe7 12. O-O f5 13. exf5 Bxf5 14. Qa3 e4 15. Nf4 exd3 16. Nxd3 Nd4 17. c5 Kh8 18. cxd6 cxd6 19. Ne1 Rfc8 20. Be3 Nc2 21. Nxc2 Rxc2 22. Rad1 Bxb2 23. Qxd6 Qxd6 24. Rxd6 Be5 25. Rd5 Bg7 26. Ra5 1/2-1/2

[Event "Hampshire Open"]
[Site "Eastleigh"]
[Date "2007.11.02"]
[Round "1"]
[White "Dominguez, Didier"]
[Black "Moore, Gillian A"]
[Result "0-1"]
[WhiteElo "1915"]
[BlackElo "1648"]
[PlyCount "108"]
[EventDate "2007.11.02"]
[EventType "swiss"]
[EventRounds "6"]
[EventCountry "ENG"]
[SourceTitle "BritBase"]
[Source "John Saunders"]
[SourceDate "2025.01.31"]
[SourceVersion "1"]
[SourceVersionDate "2025.01.31"]
[SourceQuality "1"]

1. e4 Nf6 2. Nc3 d5 3. e5 Ne4 4. d3 Nxc3 5. bxc3 c5 6. Bf4 Nc6 7. h4 h5 8. Be2 g6 9. Nf3 Bg7 10. Qd2 Qa5 11. d4 cxd4 12. cxd4 Qxd2+ 13. Bxd2 Bg4 14. c3 O-O 15. Bd3 Rac8 16. Nh2 Bd7 17. Nf1 Na5 18. Ne3 Bc6 19. f3 e6 20. Ke2 Nc4 21. Nxc4 dxc4 22. Bc2 Rfd8 23. Rhg1 Rd7 24. g4 hxg4 25. Rxg4 Kf8 26. h5 gxh5 27. Rxg7 Kxg7 28. Rg1+ Kf8 29. Bh6+ Ke7 30. Bg5+ Ke8 31. Bf6 Rd5 32. Be4 Ra5 33. Bxc6+ bxc6 34. Rg8+ Kd7 35. Rg7 Rxa2+ 36. Ke3 Rf8 37. Rh7 a5 38. Rxh5 Ra1 39. Rh2 a4 40. Rb2 Kc7 41. Be7 Ra8 42. Bd6+ Kc8 43. Rb6 a3 44. Rxc6+ Kb7 45. Rc7+ Kb6 46. Rxc4 a2 47. Rb4+ Kc6 48. Rc4+ Kd7 49. Rc7+ Kd8 50. Rxf7 Re1+ 51. Kf4 a1=Q 52. Rf8+ Kd7 53. Rf7+ Kc6 54. Rc7+ Kb6 0-1

[Event "Hampshire Open"]
[Site "Eastleigh"]
[Date "2007.11.02"]
[Round "1"]
[White "Edney, Richard H"]
[Black "Corkett, Anthony R"]
[Result "0-1"]
[WhiteElo "1760"]
[BlackElo "2312"]
[PlyCount "54"]
[EventDate "2007.11.02"]
[EventType "swiss"]
[EventRounds "6"]
[EventCountry "ENG"]
[SourceTitle "BritBase"]
[Source "John Saunders"]
[SourceDate "2025.01.31"]
[SourceVersion "1"]
[SourceVersionDate "2025.01.31"]
[SourceQuality "1"]

1. d4 Nf6 2. Bg5 Ne4 3. Bf4 e6 4. Nd2 d5 5. e3 Nd7 6. Bd3 Ndf6 7. Ne2 Bd6 8. Bxe4 dxe4 9. O-O Bxf4 10. Nxf4 b6 11. c4 O-O 12. Qc2 Bb7 13. Rfd1 Qe7 14. Ne2 c5 15. Nb3 cxd4 16. Nexd4 Rac8 17. Qe2 a6 18. Nd2 Nd7 19. b3 f5 20. Nf1 e5 21. Nc2 Nc5 22. Ne1 f4 23. Qc2 f3 24. g3 Qe6 25. Rd2 Nd3 26. Rxd3 exd3 27. Qxd3 Rfd8 0-1

[Event "Hampshire Open"]
[Site "Eastleigh"]
[Date "2007.11.02"]
[Round "1"]
[White "McMaster, Richard G"]
[Black "Matthew, Ian G"]
[Result "1-0"]
[WhiteElo "2043"]
[BlackElo "1632"]
[PlyCount "59"]
[EventDate "2007.11.02"]
[EventType "swiss"]
[EventRounds "6"]
[EventCountry "ENG"]
[SourceTitle "BritBase"]
[Source "John Saunders"]
[SourceDate "2025.01.31"]
[SourceVersion "1"]
[SourceVersionDate "2025.01.31"]
[SourceQuality "1"]

1. f4 e5 2. fxe5 d6 3. exd6 Bxd6 4. Nf3 g5 5. d4 g4 6. Ne5 Qf6 7. Nc3 Bxe5 8. dxe5 Qxe5 9. g3 Be6 10. Bg2 c6 11. Bf4 Qa5 12. Qd4 f6 13. Qd6 Kf7 14. O-O Nd7 15. Ne4 h6 16. b4 Qb6+ 17. Kh1 Ne7 18. Bxh6 Rxh6 19. Ng5+ Kg6 20. Nxe6 Qe3 21. Nf4+ Kg5 22. Qxd7 Qxg3 23. Ne6+ Kg6 24. Qd3+ Qxd3 25. exd3 Rah8 26. h3 Nf5 27. Kg1 gxh3 28. Be4 Kf7 29. Bxf5 Rg8+ 30. Kh1 1-0

[Event "Hampshire Open"]
[Site "Eastleigh"]
[Date "2007.11.02"]
[Round "1"]
[White "Yeo, Michael J"]
[Black "Wallman, Martin J"]
[Result "1-0"]
[WhiteElo "2153"]
[BlackElo "1744"]
[PlyCount "65"]
[EventDate "2007.11.02"]
[EventType "swiss"]
[EventRounds "6"]
[EventCountry "ENG"]
[SourceTitle "BritBase"]
[Source "John Saunders"]
[SourceDate "2025.01.31"]
[SourceVersion "1"]
[SourceVersionDate "2025.01.31"]
[SourceQuality "1"]

1. e4 d6 2. d4 Nf6 3. Nc3 g6 4. f4 Bg7 5. e5 dxe5 6. dxe5 Qxd1+ 7. Kxd1 Ng4 8. Ke1 c6 9. Bc4 Bf5 10. h3 Nh6 11. g4 Bc8 12. Nf3 b5 13. Nxb5 Na6 14. Nbd4 Bb7 15. Bxa6 Bxa6 16. Nxc6 Rc8 17. Ncd4 Bb7 18. Rh2 O-O 19. f5 Rfd8 20. Be3 Rd5 21. Rd2 Rcd8 22. Rad1 a5 23. c4 Rc5 24. g5 Bxf3 25. Nxf3 Rxd2 26. Rxd2 Rxc4 27. gxh6 Bf8 28. e6 fxe6 29. fxg6 hxg6 30. Ng5 Bxh6 31. Rd8+ Kg7 32. Bd4+ Rxd4 33. Nxe6+ 1-0

[Event "Hampshire Open"]
[Site "Eastleigh"]
[Date "2007.11.03"]
[Round "2"]
[White "Corkett, Anthony R"]
[Black "McMaster, Richard G"]
[Result "1/2-1/2"]
[WhiteElo "2312"]
[BlackElo "2043"]
[PlyCount "40"]
[EventDate "2007.11.02"]
[EventType "swiss"]
[EventRounds "6"]
[EventCountry "ENG"]
[SourceTitle "BritBase"]
[Source "John Saunders"]
[SourceDate "2025.01.31"]
[SourceVersion "1"]
[SourceVersionDate "2025.01.31"]
[SourceQuality "1"]

1. d4 f5 2. g3 Nf6 3. Bg2 d6 4. Nf3 g6 5. c4 Bg7 6. Nc3 O-O 7. O-O Qe8 8. b3 Na6 9. Ba3 c6 10. Qd3 Rb8 11. Rac1 b5 12. cxb5 cxb5 13. b4 e6 14. e4 fxe4 15. Nxe4 Nxe4 16. Qxe4 Qf7 17. Qe3 h6 18. Rc6 Qd7 19. Rfc1 Bb7 20. R6c2 Rbc8 1/2-1/2

[Event "Hampshire Open"]
[Site "Eastleigh"]
[Date "2007.11.03"]
[Round "2"]
[White "Hurn, Paul AT"]
[Black "Dominguez, Didier"]
[Result "1/2-1/2"]
[WhiteElo "1704"]
[BlackElo "1915"]
[PlyCount "60"]
[EventDate "2007.11.02"]
[EventType "swiss"]
[EventRounds "6"]
[EventCountry "ENG"]
[SourceTitle "BritBase"]
[Source "John Saunders"]
[SourceDate "2025.01.31"]
[SourceVersion "1"]
[SourceVersionDate "2025.01.31"]
[SourceQuality "1"]

1. e4 e5 2. f4 exf4 3. Nf3 d6 4. Bc4 h6 5. d4 g5 6. h3 Bg7 7. c3 Nc6 8. O-O Nge7 9. Qe1 O-O 10. Nbd2 Ng6 11. b4 Nce7 12. h4 d5 13. Bd3 g4 14. h5 gxf3 15. hxg6 fxg6 16. Nxf3 c6 17. b5 g5 18. Ba3 Re8 19. Qb1 dxe4 20. Bxe4 Nd5 21. bxc6 bxc6 22. Qd3 a5 23. Rfe1 Ba6 24. c4 Qc7 25. Rab1 Ne3 26. Nd2 Rad8 27. Bc5 Kh8 28. Bb6 Qd7 29. Bxd8 Rxd8 30. Kh1 c5 1/2-1/2

[Event "Hampshire Open"]
[Site "Eastleigh"]
[Date "2007.11.03"]
[Round "2"]
[White "Matthew, Ian G"]
[Black "Gonem, Sherif"]
[Result "0-1"]
[WhiteElo "1632"]
[BlackElo "1680"]
[PlyCount "62"]
[EventDate "2007.11.02"]
[EventType "swiss"]
[EventRounds "6"]
[EventCountry "ENG"]
[SourceTitle "BritBase"]
[Source "John Saunders"]
[SourceDate "2025.01.31"]
[SourceVersion "1"]
[SourceVersionDate "2025.01.31"]
[SourceQuality "1"]

1. e4 c5 2. Nf3 d6 3. d4 cxd4 4. Nxd4 Nf6 5. Nc3 g6 6. Be3 Bg7 7. f3 O-O 8. Qd2 Nc6 9. g4 Bd7 10. h4 Rc8 11. h5 Nxd4 12. Bxd4 Qa5 13. hxg6 hxg6 14. b4 Qc7 15. Nd5 Nxd5 16. Bxg7 Kxg7 17. Qh6+ Kf6 18. g5+ Ke5 19. c4 Nf4 20. Qh2 Qb6 21. Qd2 Qd4 22. Qxd4+ Kxd4 23. e5 Kxe5 24. Kf2 Be6 25. Re1+ Kf5 26. Re4 Rh8 27. Rg1 Nh3+ 28. Bxh3+ Rxh3 29. Rgg4 d5 30. Ref4+ Ke5 31. c5 Bxg4 0-1

[Event "Hampshire Open"]
[Site "Eastleigh"]
[Date "2007.11.03"]
[Round "2"]
[White "Anderson, Thomas R"]
[Black "Deacon, David J"]
[Result "0-1"]
[WhiteElo "1872"]
[BlackElo "1552"]
[PlyCount "92"]
[EventDate "2007.11.02"]
[EventType "swiss"]
[EventRounds "6"]
[EventCountry "ENG"]
[SourceTitle "BritBase"]
[Source "John Saunders"]
[SourceDate "2025.01.31"]
[SourceVersion "1"]
[SourceVersionDate "2025.01.31"]
[SourceQuality "1"]

1. d4 Nf6 2. c4 e6 3. Nc3 Bb4 4. e3 b6 5. a3 Bxc3+ 6. bxc3 c5 7. Bd3 Bb7 8. Ne2 O-O 9. O-O d6 10. f3 e5 11. e4 Nc6 12. d5 Ne7 13. f4 exf4 14. Nxf4 Nd7 15. Nh5 Ng6 16. Ra2 Nde5 17. Raf2 Ba6 18. Bh6 gxh6 19. Qd2 Qg5 20. Nf6+ Kg7 21. Qe2 Bc8 22. Rf5 Bxf5 23. Rxf5 Qc1+ 24. Rf1 Qxc3 25. Kh1 Nxd3 26. Qf3 Qe5 27. Qxd3 Qxf6 28. Rxf6 Kxf6 29. Qf3+ Kg7 30. Qc3+ Kg8 31. Qg3 Rad8 32. h4 Kh8 33. Qe3 Nxh4 34. Qxh6 Ng6 35. Qd2 Rfe8 36. Qc3+ Kg8 37. Qf3 Re5 38. Qf6 Rd7 39. Qf3 Kg7 40. Kh2 Rde7 41. Qg3 Kf8 42. Qh3 Rxe4 43. Qc3 R7e5 44. a4 Re2 45. a5 Nf4 46. axb6 Rxg2+ 0-1

[Event "Hampshire Open"]
[Site "Eastleigh"]
[Date "2007.11.03"]
[Round "2"]
[White "Kawuma, Steven Male"]
[Black "Coburn, Joseph A"]
[Result "1-0"]
[WhiteElo "2163"]
[BlackElo "1712"]
[PlyCount "109"]
[EventDate "2007.11.02"]
[EventType "swiss"]
[EventRounds "6"]
[EventCountry "ENG"]
[SourceTitle "BritBase"]
[Source "John Saunders"]
[SourceDate "2025.01.31"]
[SourceVersion "1"]
[SourceVersionDate "2025.01.31"]
[SourceQuality "1"]

1. e4 c5 2. Nf3 d6 3. d4 cxd4 4. Nxd4 Nf6 5. Nc3 g6 6. f3 Bg7 7. Be3 Nc6 8. Qd2 Bd7 9. O-O-O a6 10. g4 b5 11. Nxc6 Bxc6 12. Kb1 h5 13. g5 Nd7 14. Nd5 O-O 15. Bg2 Bxd5 16. Qxd5 Ne5 17. f4 Nc4 18. Bc1 Qa5 19. Qd3 Rac8 20. Qb3 Rc7 21. Rhf1 e6 22. f5 Rfc8 23. fxg6 fxg6 24. Bh3 Re8 25. Rd3 Rf7 26. Rxf7 Kxf7 27. c3 Qb6 28. Qd1 Ke7 29. Rf3 Ne5 30. Re3 Rf8 31. Qe2 a5 32. b3 a4 33. Bb2 axb3 34. axb3 Nc6 35. Qe1 Be5 36. Re2 Rf3 37. Bg2 Rd3 38. Kc2 Rxc3+ 39. Bxc3 Nd4+ 40. Bxd4 Qxd4 41. Qb1 Qc3+ 42. Kd1 Qd4+ 43. Rd2 Qg1+ 44. Kc2 Qc5+ 45. Kd3 Bxh2 46. Qc2 Qb6 47. Qc8 Bf4 48. Re2 Bxg5 49. Bh3 Kf7 50. Bxe6+ Kg7 51. Qg8+ Kf6 52. Rf2+ Ke5 53. Qg7+ Kxe6 54. Qf7+ Ke5 55. Qd5# 1-0

[Event "Hampshire Open"]
[Site "Eastleigh"]
[Date "2007.11.03"]
[Round "2"]
[White "Lock, Gavin R"]
[Black "Allen, Leslie C"]
[Result "1-0"]
[WhiteElo "2215"]
[BlackElo "1632"]
[PlyCount "75"]
[EventDate "2007.11.02"]
[EventType "swiss"]
[EventRounds "6"]
[EventCountry "ENG"]
[SourceTitle "BritBase"]
[Source "John Saunders"]
[SourceDate "2025.01.31"]
[SourceVersion "1"]
[SourceVersionDate "2025.01.31"]
[SourceQuality "1"]

1. d4 d6 2. Nf3 Bg4 3. c4 Nf6 4. Nc3 Nbd7 5. g3 c6 6. Bg2 e5 7. O-O Be7 8. d5 c5 9. h3 Bxf3 10. exf3 O-O 11. f4 a6 12. a4 Rb8 13. fxe5 Nxe5 14. b3 Qd7 15. Qc2 h6 16. Bb2 Rfe8 17. f4 Ng6 18. Kh2 Bd8 19. Ne4 Nxe4 20. Bxe4 Rxe4 21. Qxe4 Ba5 22. Rf2 Re8 23. Qf3 Qf5 24. Re2 Rxe2+ 25. Qxe2 h5 26. Rf1 Bb4 27. g4 hxg4 28. hxg4 Qd7 29. Kg3 b5 30. axb5 axb5 31. Ra1 Qd8 32. g5 bxc4 33. bxc4 Ne7 34. Qe4 Ng6 35. Qe2 Qc8 36. Rh1 Qf5 37. Qe8+ Nf8 38. Rh8+ 1-0

[Event "Hampshire Open"]
[Site "Eastleigh"]
[Date "2007.11.03"]
[Round "2"]
[White "Moore, Gillian A"]
[Black "Yeo, Michael J"]
[Result "0-1"]
[WhiteElo "1648"]
[BlackElo "2153"]
[PlyCount "66"]
[EventDate "2007.11.02"]
[EventType "swiss"]
[EventRounds "6"]
[EventCountry "ENG"]
[SourceTitle "BritBase"]
[Source "John Saunders"]
[SourceDate "2025.01.31"]
[SourceVersion "1"]
[SourceVersionDate "2025.01.31"]
[SourceQuality "1"]

1. d4 d5 2. e3 g6 3. Nd2 Bg7 4. Ngf3 Nf6 5. c4 O-O 6. Bd3 c5 7. dxc5 Qa5 8. O-O dxc4 9. Nxc4 Qxc5 10. b4 Qc7 11. Bb2 Nc6 12. a3 Be6 13. Nce5 Ng4 14. Nc4 Bd5 15. e4 Bxb2 16. Nxb2 Nd4 17. g3 Bb3 18. Bc2 Nxc2 19. Rc1 Qc3 20. Nd2 Rfd8 21. Qxg4 Rxd2 22. Nd1 Qd4 23. Qf4 Bc4 24. Ne3 Bxf1 25. Nxc2 Qc3 26. Kxf1 Qd3+ 27. Kg2 Rxc2 28. Ra1 Rac8 29. Qg4 Rxf2+ 30. Kg1 Rcc2 31. Re1 Rg2+ 32. Kh1 Rxh2+ 33. Kg1 Rcg2# 0-1

[Event "Hampshire Open"]
[Site "Eastleigh"]
[Date "2007.11.03"]
[Round "2"]
[White "Wallman, Martin J"]
[Black "Edney, Richard H"]
[Result "1/2-1/2"]
[WhiteElo "1744"]
[BlackElo "1760"]
[PlyCount "55"]
[EventDate "2007.11.02"]
[EventType "swiss"]
[EventRounds "6"]
[EventCountry "ENG"]
[SourceTitle "BritBase"]
[Source "John Saunders"]
[SourceDate "2025.01.31"]
[SourceVersion "1"]
[SourceVersionDate "2025.01.31"]
[SourceQuality "1"]

1. Nf3 d6 2. g3 Nf6 3. Bg2 g6 4. O-O Bg7 5. d3 O-O 6. Nc3 c6 7. e4 Qc7 8. Nh4 Nbd7 9. f4 e6 10. Kh1 Ne8 11. f5 b5 12. a3 Rb8 13. Be3 a5 14. Qc1 c5 15. fxe6 fxe6 16. Bh3 Ndf6 17. Bh6 b4 18. axb4 axb4 19. Ne2 e5 20. Bxc8 Rxc8 21. Qg5 Bxh6 22. Qxh6 Ng7 23. h3 Qb7 24. Qe3 Rc7 25. Rf3 Rcf7 26. Raf1 Ne6 27. Kh2 Nh5 28. Rxf7 1/2-1/2

[Event "Hampshire Open"]
[Site "Eastleigh"]
[Date "2007.11.03"]
[Round "2"]
[White "Williams, Peter Arthur"]
[Black "Cordner, David A"]
[Result "1/2-1/2"]
[WhiteElo "1816"]
[BlackElo "2040"]
[PlyCount "109"]
[EventDate "2007.11.02"]
[EventType "swiss"]
[EventRounds "6"]
[EventCountry "ENG"]
[SourceTitle "BritBase"]
[Source "John Saunders"]
[SourceDate "2025.01.31"]
[SourceVersion "1"]
[SourceVersionDate "2025.01.31"]
[SourceQuality "1"]

1. d4 Nf6 2. c4 e6 3. Nf3 Bb4+ 4. Bd2 Qe7 5. Nc3 O-O 6. e3 b6 7. Be2 Bb7 8. O-O d6 9. a3 Bxc3 10. Bxc3 Ne4 11. Rc1 Nd7 12. Nd2 Nxc3 13. Rxc3 c5 14. Bf3 Nf6 15. Bxb7 Qxb7 16. Qc2 Rad8 17. b4 Qc7 18. Ne4 Nxe4 19. Qxe4 Rd7 20. Rd1 Rfd8 21. d5 e5 22. Qf5 Re7 23. e4 Qd7 24. Qxd7 Rexd7 25. bxc5 bxc5 26. Rb3 g6 27. Rdb1 f5 28. f3 fxe4 29. fxe4 Rf8 30. Rf3 Rf4 31. Rxf4 exf4 32. Kf2 Kf7 33. Kf3 g5 34. g3 fxg3 35. hxg3 Kf6 36. Ke3 h5 37. a4 h4 38. g4 h3 39. Rh1 Rb7 40. Rf1+ Kg6 41. e5 dxe5 42. Ke4 Rb4 43. Kxe5 Rxc4 44. Rf3 Rxg4 45. Rxh3 Rxa4 46. d6 Rd4 47. Ke6 Re4+ 48. Kd5 Re8 49. Kxc5 g4 50. Rd3 Kf5 51. d7 Rd8 52. Kc6 Kf4 53. Kc7 Rxd7+ 54. Rxd7 g3 55. Kc6 1/2-1/2

[Event "Hampshire Open"]
[Site "Eastleigh"]
[Date "2007.11.03"]
[Round "3"]
[White "Deacon, David J"]
[Black "Lock, Gavin R"]
[Result "0-1"]
[WhiteElo "1552"]
[BlackElo "2215"]
[PlyCount "120"]
[EventDate "2007.11.02"]
[EventType "swiss"]
[EventRounds "6"]
[EventCountry "ENG"]
[SourceTitle "BritBase"]
[Source "John Saunders"]
[SourceDate "2025.01.31"]
[SourceVersion "1"]
[SourceVersionDate "2025.01.31"]
[SourceQuality "1"]

1. c4 c6 2. g3 d5 3. Bg2 Nf6 4. b3 Bf5 5. Nf3 e6 6. O-O Nbd7 7. Bb2 Be7 8. d3 h6 9. Nc3 O-O 10. Rc1 Bh7 11. cxd5 cxd5 12. e3 a6 13. a3 Rc8 14. Ne1 b5 15. b4 Qb6 16. Ne2 a5 17. Nc2 axb4 18. axb4 Rfd8 19. Qd2 e5 20. Rfd1 e4 21. Ne1 Qb8 22. Nd4 Ne5 23. f4 exf3 24. Ndxf3 Nc6 25. Nc2 Bf5 26. Nfd4 Nxd4 27. Nxd4 Bd7 28. Nf3 Bg4 29. Rf1 Qd6 30. Nd4 Bd7 31. Bc3 Re8 32. Nf5 Bxf5 33. Rxf5 Qe6 34. Rcf1 Rcd8 35. Bd4 Kh8 36. Qb2 Kg8 37. e4 dxe4 38. dxe4 Rf8 39. Re5 Qd7 40. Bc3 Ng4 41. Rd5 Qe6 42. Bh3 Rxd5 43. Bxg4 Qxg4 44. exd5 Bd6 45. Bd4 Re8 46. Qf2 Qh5 47. Qf3 Qxf3 48. Rxf3 Rc8 49. Rc3 Rxc3 50. Bxc3 f5 51. Kf2 Kf7 52. h3 g5 53. Bd2 Kf6 54. h4 f4 55. gxf4 gxh4 56. Kf3 Kf5 57. Bc3 h5 58. Bd2 h3 59. Kg3 Ke4 60. Kxh3 Kxd5 0-1

[Event "Hampshire Open"]
[Site "Eastleigh"]
[Date "2007.11.03"]
[Round "3"]
[White "Moore, Gillian A"]
[Black "Tunks, Dominic R"]
[Result "0-1"]
[WhiteElo "1648"]
[BlackElo "1896"]
[PlyCount "62"]
[EventDate "2007.11.02"]
[EventType "swiss"]
[EventRounds "6"]
[EventCountry "ENG"]
[SourceTitle "BritBase"]
[Source "John Saunders"]
[SourceDate "2025.01.31"]
[SourceVersion "1"]
[SourceVersionDate "2025.01.31"]
[SourceQuality "1"]

1. d4 Nf6 2. c4 e6 3. Nf3 Bb4+ 4. Nbd2 Nc6 5. a3 Be7 6. e4 d5 7. e5 Ne4 8. cxd5 exd5 9. Bd3 f5 10. Qb3 Nxd2 11. Bxd2 O-O 12. O-O-O a6 13. h4 Kh8 14. g3 Be6 15. Be2 Qd7 16. Bg5 b5 17. Bxe7 Qxe7 18. Qe3 Na5 19. Qg5 Qd7 20. Qf4 b4 21. axb4 Nb3+ 22. Kb1 Qa4 23. h5 Rfb8 24. h6 Rxb4 25. hxg7+ Kg8 26. Qh6 Qa1+ 27. Kc2 Nxd4+ 28. Kd2 Qxb2+ 29. Ke3 Qxe2+ 30. Kf4 Nxf3+ 31. Rd4 Rxd4# 0-1

[Event "Hampshire Open"]
[Site "Eastleigh"]
[Date "2007.11.03"]
[Round "3"]
[White "Allen, Leslie C"]
[Black "Matthew, Ian G"]
[Result "1-0"]
[WhiteElo "1632"]
[BlackElo "1632"]
[PlyCount "67"]
[EventDate "2007.11.02"]
[EventType "swiss"]
[EventRounds "6"]
[EventCountry "ENG"]
[SourceTitle "BritBase"]
[Source "John Saunders"]
[SourceDate "2025.01.31"]
[SourceVersion "1"]
[SourceVersionDate "2025.01.31"]
[SourceQuality "1"]

1. d4 d5 2. Nc3 c6 3. Nf3 Nf6 4. g3 e6 5. Bg2 Bd6 6. O-O O-O 7. Re1 Ne4 8. Nxe4 dxe4 9. Ne5 f5 10. f4 Nd7 11. b3 Nxe5 12. fxe5 Bb4 13. Be3 Bxe1 14. Qxe1 b6 15. Rd1 Bb7 16. c4 Qe7 17. c5 bxc5 18. dxc5 Rad8 19. Rd6 g5 20. Bd4 Rf7 21. Qa5 Rdf8 22. Qd2 f4 23. Bxe4 fxg3 24. hxg3 Rf1+ 25. Kg2 Qg7 26. Bf3 g4 27. Be4 Qf7 28. Qg5+ Kh8 29. Qxg4 Rf2+ 30. Bxf2 Qxf2+ 31. Kh3 Ba6 32. Rd7 Rf7 33. Rxf7 Qxf7 34. Qf3 1-0

[Event "Hampshire Open"]
[Site "Eastleigh"]
[Date "2007.11.03"]
[Round "3"]
[White "Coburn, Joseph A"]
[Black "Wallman, Martin J"]
[Result "1/2-1/2"]
[WhiteElo "1712"]
[BlackElo "1744"]
[PlyCount "77"]
[EventDate "2007.11.02"]
[EventType "swiss"]
[EventRounds "6"]
[EventCountry "ENG"]
[SourceTitle "BritBase"]
[Source "John Saunders"]
[SourceDate "2025.01.31"]
[SourceVersion "1"]
[SourceVersionDate "2025.01.31"]
[SourceQuality "1"]

1. d4 d6 2. Nf3 Nf6 3. Nc3 g6 4. e4 Bg7 5. h3 O-O 6. Be3 c6 7. a3 b5 8. Qd2 a5 9. d5 Bb7 10. dxc6 Bxc6 11. Bxb5 Nxe4 12. Qd3 Nxc3 13. Bxc6 Nxc6 14. bxc3 Qc7 15. O-O Rfb8 16. Rab1 Rxb1 17. Rxb1 Rb8 18. Rb3 a4 19. Rxb8+ Qxb8 20. Qc4 Ne5 21. Qxa4 Nxf3+ 22. gxf3 Bxc3 23. Qb3 Qc8 24. Kg2 Kg7 25. a4 f6 26. Qb5 Qa8 27. Bb6 h5 28. a5 g5 29. Qf5 d5 30. Qe6 Bb4 31. Qd7 Kf7 32. Qd8 Qb7 33. Qc7 Qa8 34. Bc5 Bxa5 35. Qxe7+ Kg6 36. Bd4 Qc6 37. Qf8 Qe6 38. c3 Bc7 39. Qc5 1/2-1/2